00401nam a2200145Ia 4500003000400000005001700004008004000021020001800061040000700079082001300086100002700099245006300126260005300189300001300242OSt20250701141324.0210210b1982 xxu||||| |||| 00| 0 eng d a0 07 085384 3 cAL a302 KREI aKrech David and others aIndividual in societyb : A text book of social psychology aLondonbMcGraw-hill international book co.c1982 aviii,564